| 000 | 00941nam a2200265 a 4500 | ||
|---|---|---|---|
| 001 | 000022628 | ||
| 005 | 20200930021715.0 | ||
| 008 | 101014s2001 sp 001 0 spa d | ||
| 020 | _a8474328993 | ||
| 040 |
_aDO-SdBNP _bspa _cBNPHU |
||
| 082 |
_a111 _bB136b |
||
| 100 | 1 |
_aBadiou, Alain _946568 |
|
| 245 | 1 | 0 |
_aBreve tratado de ontología transitoria / _cAlain Badiou; traducción de Tomás Fernández Auz, Beatriz Eguibar. |
| 260 |
_aBarcelona : _bGedisa, _c2001. |
||
| 300 |
_a173 p. ; _c23 cm. |
||
| 490 | 1 | _aCla.De.Ma. Filosofía | |
| 500 | _aIncluye datos biográficos del autor en la contracubierta. | ||
| 650 | 4 |
_aOntología _xEnsayos, conferencias, etc. _919495 |
|
| 650 | 4 |
_aFilosofía _xEnsayos, conferencias, etc. _933791 |
|
| 700 | 1 |
_aFernández Auz, Tomás _etr. _911358 |
|
| 700 | 1 |
_aEguibar, Beatriz _etr. _911359 |
|
| 830 | 0 |
_aCla.De.Ma. Filosofía _92823 |
|
| 910 | _aValidado. Control de calidad EMS | ||
| 049 | _aBNPD | ||
| 999 |
_c22125 _d22125 |
||